Patterns in English, (Запис № 555463)

МАРК-запис
000 -LEADER
fixed length control field 01205cam a2200265K 4500
001 - CONTROL NUMBER
control field teachingguidefor01kerr
003 - CONTROL NUMBER IDENTIFIER
control field CaSfIA
005 - DATE AND TIME OF LATEST TRANSACTION
control field 20210119101551.0
007 - PHYSICAL DESCRIPTION FIXED FIELD--GENERAL INFORMATION
fixed length control field cr||||
008 - FIXED-LENGTH DATA ELEMENTS--GENERAL INFORMATION
fixed length control field 780630s1967 nyu j 000 0 eng d
040 ## - CATALOGING SOURCE
Original cataloging agency OCO
Transcribing agency OCO
Modifying agency OCL
-- CaSfIA
035 ## - SYSTEM CONTROL NUMBER
System control number (OCoLC)4020806
092 ## - LOCALLY ASSIGNED DEWEY CALL NUMBER (OCLC)
Classification number 425
Item number P31
245 00 - TITLE STATEMENT
Title Patterns in English,
Medium [electronic resource]
Statement of responsibility, etc by Ellen T. Kerrigan [and others]
260 ## - PUBLICATION, DISTRIBUTION, ETC. (IMPRINT)
Place of publication, distribution, etc New York,
Name of publisher, distributor, etc Sadlier
Date of publication, distribution, etc [1967-68]
300 ## - PHYSICAL DESCRIPTION
Extent 2v.
Other physical details illus.
Dimensions 22cm.
505 0# - FORMATTED CONTENTS NOTE
Formatted contents note [Book] 1 [Grade 7].- [Book] 2 [Grade 8]
506 ## - RESTRICTIONS ON ACCESS NOTE
Standardized terminology for access restriction Необхідна авторизація на https://archive.org/ (створення облікового запису безкоштовно)
506 ## - RESTRICTIONS ON ACCESS NOTE
Standardized terminology for access restriction Необхідна авторизація на https://openlibrary.org/ (створення облікового запису безкоштовно)
650 #0 - SUBJECT ADDED ENTRY--TOPICAL TERM
Topical term or geographic name as entry element English language
General subdivision Grammar.
700 1# - ADDED ENTRY--PERSONAL NAME
Personal name Kerrigan, Ellen T.
856 41 - ELECTRONIC LOCATION AND ACCESS
Uniform Resource Identifier <a href="http://www.archive.org/details/teachingguidefor01kerr">http://www.archive.org/details/teachingguidefor01kerr</a>
Public note Free eBook from the Internet Archive
Materials specified Volume 1
856 42 - ELECTRONIC LOCATION AND ACCESS
Uniform Resource Identifier <a href="http://www.openlibrary.org/books/OL24221382M">http://www.openlibrary.org/books/OL24221382M</a>
Public note Additional information and access via Open Library
Materials specified Volume 1
942 ## - ADDED ENTRY ELEMENTS (KOHA)
Koha item type ЕКнига

Немає доступних примірників.